[Event "NAYCC U12"]
[Site "Windsor CAN"]
[Date "2016.08.10"]
[Round "6.106"]
[White "Liu, Bowser"]
[Black "Cyrenne, Cole"]
[Result "1/2-1/2"]
[WhiteElo "895"]
[BlackElo "922"]
[PlyCount "144"]
[EventDate "2016.08.07"]
[EventType "swiss"]
[EventRounds "9"]
[EventCountry "CAN"]

1. c4 c5 2. Nc3 Nf6 3. g3 e6 4. e3 d5 5. cxd5 exd5 6. Nge2 Nc6 7. d4 Bg4 8. Qa4
Bf3 9. Rg1 Bd6 10. Bg2 Bxg2 11. Rxg2 O-O 12. Qb3 cxd4 13. exd4 Bb4 14. a3 Bxc3+
15. Nxc3 Nxd4 16. Qa4 Qb6 17. Rb1 Rfe8+ 18. Kf1 Qa6+ 19. Qxa6 bxa6 20. Bg5 Nf3
21. Bxf6 Nd2+ 22. Kg1 Nxb1 23. Kh1 Nxc3 24. Bxc3 Rad8 25. Rg1 d4 26. Ba5 Rd5
27. Bb4 Re2 28. Rc1 h6 29. Kg2 Rxb2 30. Rd1 a5 31. Bc3 dxc3 32. Rxd5 c2 33. Rc5
g5 34. Kf3 Kg7 35. Rc6 f6 36. Ke3 Kg6 37. Kd2 c1=Q+ 38. Kxc1 Rxf2 39. Rc2 Rxc2+
40. Kxc2 f5 41. Kd2 h5 42. Ke3 g4 43. a4 Kg5 44. Kf2 f4 45. Kg2 f3+ 46. Kf2 h4
47. h3 hxg3+ 48. Kxg3 f2 49. Kxf2 gxh3 50. Kg3 h2 51. Kxh2 Kf4 52. Kg2 Ke3 53.
Kf1 Kd2 54. Kf2 Kc3 55. Ke1 Kc2 56. Ke2 Kb3 57. Kd2 Kb2 58. Kd1 a6 59. Kd2 Kb3
60. Kd3 Kxa4 61. Kc2 Kb4 62. Kb2 a4 63. Ka2 a5 64. Kb2 a3+ 65. Ka2 a4 66. Kb1
Kc4 67. Ka2 Kb4 68. Kb1 Kb3 69. Ka1 Kb4 70. Ka2 Kb5 71. Kxa3 Ka5 72. Ka2 Kb4
1/2-1/2

[Event "NAYCC U12"]
[Site "Windsor CAN"]
[Date "2016.08.10"]
[Round "6.108"]
[White "Xing, Kun"]
[Black "Zaid, Daniyal"]
[Result "1-0"]
[WhiteElo "880"]
[BlackElo "714"]
[PlyCount "57"]
[EventDate "2016.08.07"]
[EventType "swiss"]
[EventRounds "9"]
[EventCountry "CAN"]

1. e4 e5 2. Nf3 Nc6 3. Bc4 Bc5 4. Nc3 Nf6 5. d3 d5 6. Nxd5 Nxd5 7. Bxd5 Bd7 8.
Be3 O-O 9. Bxc5 Re8 10. Be3 Be6 11. Bxc6 bxc6 12. Nxe5 Qd6 13. Nf3 Qb4+ 14. Nd2
Qxb2 15. Qb1 Qxb1+ 16. Rxb1 Bxa2 17. Ra1 Be6 18. Bxa7 Re7 19. O-O h6 20. Be3
Rxa1 21. Rxa1 f5 22. exf5 Bxf5 23. Re1 Re6 24. Kf1 Rg6 25. g3 Bh3+ 26. Kg1 Kh7
27. Nc4 h5 28. Ne5 Re6 29. Nf3 1-0

[Event "NAYCC U12"]
[Site "Windsor CAN"]
[Date "2016.08.10"]
[Round "7.90"]
[White "Shen, Christopher"]
[Black "Wang, Wesley"]
[Result "0-1"]
[WhiteElo "2161"]
[BlackElo "2131"]
[PlyCount "118"]
[EventDate "2016.08.07"]
[EventType "swiss"]
[EventRounds "9"]
[EventCountry "CAN"]

1. c4 c5 2. g3 Nc6 3. Bg2 g6 4. Nc3 Bg7 5. a3 a5 6. e3 d6 7. Nge2 e5 8. d3 Nge7
9. O-O O-O 10. Rb1 Be6 11. Nd5 Rb8 12. Nec3 Qd7 13. Qa4 b6 14. Bd2 Bf5 15.
Nxe7+ Nxe7 16. Qxd7 Bxd7 17. Ne4 Rfd8 18. b4 axb4 19. axb4 Bc6 20. Rfc1 f5 21.
Nc3 Bxg2 22. Kxg2 Kf7 23. Na4 h5 24. bxc5 bxc5 25. Nb6 Rb7 26. Rb5 Rdb8 27.
Rcb1 Ke6 28. Nd5 Rxb5 29. Nc7+ Kd7 30. Nxb5 e4 31. Rb3 Nc6 32. f3 Ra8 33. Na3
Bb2 34. Rxb2 Rxa3 35. dxe4 fxe4 36. f4 Ra4 37. Rc2 Ke6 38. Kf2 Ne7 39. Ke2 Nc8
40. Rb2 Rxc4 41. Ba5 Ra4 42. Bd8 Kd7 43. Bf6 Kc6 44. Bd8 d5 45. h3 Nd6 46. g4
hxg4 47. hxg4 Nc4 48. Rb3 Ra2+ 49. Ke1 d4 50. exd4 cxd4 51. Rb4 Ra1+ 52. Kf2
Ra2+ 53. Ke1 Ne3 54. Rb6+ Kd5 55. Rxg6 Ng2+ 56. Kd1 e3 57. Rg5+ Kc4 58. Re5 d3
59. Re4+ Kb3 0-1

[Event "NAYCC U12"]
[Site "Windsor CAN"]
[Date "2016.08.10"]
[Round "7.91"]
[White "Hung, Daniel"]
[Black "Tanaka, Tyler"]
[Result "1-0"]
[WhiteElo "1812"]
[BlackElo "1620"]
[PlyCount "100"]
[EventDate "2016.08.07"]
[EventType "swiss"]
[EventRounds "9"]
[EventCountry "CAN"]

1. e4 c5 2. Nc3 Nc6 3. Bb5 g6 4. Bxc6 bxc6 5. f4 Bg7 6. d3 d6 7. Nf3 Nf6 8. O-O
O-O 9. Qe1 Rb8 10. Qh4 Bg4 11. f5 Bh5 12. Ne1 e6 13. h3 exf5 14. exf5 gxf5 15.
Rxf5 Bg6 16. Rf1 Nd5 17. Qxd8 Rfxd8 18. Nxd5 cxd5 19. Rb1 Re8 20. b3 Re6 21.
Bb2 Bxb2 22. Rxb2 d4 23. Rb1 Rbe8 24. Nf3 Re2 25. Rfe1 Kg7 26. Kf1 Rxe1+ 27.
Rxe1 Rxe1+ 28. Kxe1 Kf6 29. Kf2 Bf5 30. Kg3 Be6 31. Kf4 Bd5 32. Nh4 Bc6 33. g4
Bd7 34. Nf5 d5 35. h4 Be6 36. h5 Bd7 37. g5+ Ke6 38. h6 a5 39. Ng7+ Kd6 40. Nh5
c4 41. bxc4 dxc4 42. Nf6 c3 43. Nxh7 a4 44. Nf6 Bf5 45. Kxf5 a3 46. h7 Ke7 47.
h8=Q Kd6 48. Qc8 Ke7 49. Qd7+ Kf8 50. Qe8+ Kg7 1-0

[Event "NAYCC U12"]
[Site "Windsor CAN"]
[Date "2016.08.10"]
[Round "7.92"]
[White "Idnani, Taran"]
[Black "Huang, Patrick"]
[Result "1-0"]
[WhiteElo "1826"]
[BlackElo "1973"]
[PlyCount "139"]
[EventDate "2016.08.07"]
[EventType "swiss"]
[EventRounds "9"]
[EventCountry "CAN"]

1. Nf3 Nf6 2. c4 g6 3. g3 Bg7 4. Bg2 d6 5. d4 O-O 6. O-O Nbd7 7. Nc3 c6 8. e4
Qc7 9. h3 Re8 10. Be3 e5 11. Qc2 exd4 12. Nxd4 Nb6 13. b3 Be6 14. Rac1 Rac8 15.
Rfd1 d5 16. c5 Nbd7 17. exd5 Nxd5 18. Nxd5 Bxd5 19. Bxd5 Bxd4 20. Bxf7+ Kxf7
21. Bxd4 Re6 22. Re1 Rce8 23. Qc4 Nf6 24. Rc3 Nd5 25. Rf3+ Kg8 26. Rxe6 Rxe6
27. Bb2 h6 28. Qd4 Qh7 29. Kg2 g5 30. Qg4 Qe4 31. Qh5 Qg6 32. Qg4 Qe4 33. Qh5
Qg6 34. Qxg6+ Rxg6 35. Rd3 Re6 36. Kf1 Kf7 37. Rd2 Kg6 38. Re2 Rxe2 39. Kxe2
Kf5 40. Kf3 Nb4 41. a3 Nd3 42. Bd4 Nc1 43. b4 Nb3 44. Bc3 a5 45. Ke3 h5 46. f3
g4 47. fxg4+ hxg4 48. hxg4+ Kxg4 49. Be5 a4 50. Bf4 Nc1 51. Kd2 Nb3+ 52. Kc3
Kf3 53. Kc4 Ke4 54. b5 Nd4 55. bxc6 bxc6 56. Kb4 Ne6 57. Bd6 Kd5 58. Kxa4 Kc4
59. Ka5 Nxc5 60. Bxc5 Kxc5 61. g4 Kd4 62. g5 Ke5 63. Kb6 Kf5 64. Kxc6 Kxg5 65.
a4 Kf6 66. a5 Ke7 67. Kc7 Ke6 68. a6 Kd5 69. a7 Kc5 70. a8=Q 1-0

[Event "NAYCC U12"]
[Site "Windsor CAN"]
[Date "2016.08.10"]
[Round "7.93"]
[White "McNutt, William"]
[Black "Shi, William"]
[Result "0-1"]
[WhiteElo "1875"]
[BlackElo "1753"]
[PlyCount "92"]
[EventDate "2016.08.07"]
[EventType "swiss"]
[EventRounds "9"]
[EventCountry "CAN"]

1. d4 Nf6 2. Nf3 e6 3. e3 b6 4. Bd3 Bb7 5. Nbd2 c5 6. O-O Be7 7. Qe2 d5 8. b3
O-O 9. Bb2 a5 10. Rfd1 a4 11. c4 Na6 12. e4 Nb4 13. e5 Nxd3 14. exf6 Nxb2 15.
fxe7 Qxe7 16. Rdb1 a3 17. cxd5 Bxd5 18. Qb5 Qd6 19. dxc5 bxc5 20. Rc1 Rfc8 21.
Rc3 Rc6 22. Rac1 Rac8 23. Qa5 Bxf3 24. Nxf3 c4 25. Qe5 Qd7 26. Qb5 Qd5 27. Qxd5
exd5 28. bxc4 Rxc4 29. Rxc4 Rxc4 30. Rxc4 dxc4 31. Nd4 Nd3 32. Nc2 c3 33. Kf1
Kf8 34. Ke2 Nc1+ 35. Kd1 Nxa2 36. Nxa3 Nb4 37. Nc2 Nd5 38. g3 Ke7 39. Ke2 Kd6
40. Kd3 Kc5 41. f3 h5 42. f4 g6 43. Ne1 Kb4 44. Nf3 Kb3 45. Nd4+ Kb2 46. Nc2 h4
0-1

[Event "NAYCC U12"]
[Site "Windsor CAN"]
[Date "2016.08.10"]
[Round "7.94"]
[White "England, Max"]
[Black "Idnani, Roshan"]
[Result "1/2-1/2"]
[WhiteElo "1607"]
[BlackElo "1860"]
[PlyCount "149"]
[EventDate "2016.08.07"]
[EventType "swiss"]
[EventRounds "9"]
[EventCountry "CAN"]

1. e4 c6 2. d4 d5 3. Nc3 dxe4 4. Nxe4 Bf5 5. Bd3 Bxe4 6. Bxe4 Nf6 7. Bf3 e6 8.
c3 Be7 9. Ne2 O-O 10. O-O Nbd7 11. Bf4 Nb6 12. Bg3 Bd6 13. Re1 Bxg3 14. Nxg3
Qc7 15. Ne4 Nbd5 16. g3 Rad8 17. Qc2 Rfe8 18. Rad1 h6 19. c4 Nxe4 20. cxd5 exd5
21. Bxe4 dxe4 22. Rxe4 Rxe4 23. Qxe4 Qd7 24. b3 Re8 25. Qf3 Qd6 26. Kg2 g6 27.
h4 Kg7 28. Rd3 Re1 29. d5 Qc5 30. d6 Re8 31. d7 Rd8 32. Qf4 Qf5 33. Qd6 Qe6 34.
Qc7 Qe4+ 35. Kh2 Qe2 36. Kg2 Qe4+ 37. Rf3 Qe7 38. Qxb7 Qxd7 39. Qxd7 Rxd7 40.
Rc3 Rd6 41. Rc5 Kf6 42. Kf3 Ke6 43. Ke3 Ke7 44. f3 Ke6 45. Ke4 f6 46. g4 Ke7
47. f4 Ke6 48. f5+ gxf5+ 49. gxf5+ Ke7 50. Ra5 Rd7 51. Kf3 h5 52. Ra4 Kd6 53.
Re4 Re7 54. Rxe7 Kxe7 55. Ke4 a5 56. Kd4 Kd6 57. a4 c5+ 58. Kc4 Kc6 59. Kd3 Kd5
60. Kc3 Ke5 61. Kc4 Kxf5 62. Kxc5 Kg4 63. b4 axb4 64. Kxb4 f5 65. Kc3 f4 66.
Kd2 Kg3 67. a5 f3 68. a6 f2 69. a7 f1=Q 70. a8=Q Kxh4 71. Qd8+ Kh3 72. Qd7+ Kg3
73. Qd6+ Kh3 74. Qe6+ Kh4 75. Qe7+ 1/2-1/2

[Event "NAYCC U12"]
[Site "Windsor CAN"]
[Date "2016.08.10"]
[Round "7.95"]
[White "Liang, Justin"]
[Black "Somalwar, Anaiy"]
[Result "1-0"]
[WhiteElo "1853"]
[BlackElo "1755"]
[PlyCount "61"]
[EventDate "2016.08.07"]
[EventType "swiss"]
[EventRounds "9"]
[EventCountry "CAN"]

1. d4 d5 2. c4 e6 3. Nf3 Nf6 4. Nc3 Be7 5. Bf4 O-O 6. e3 Nbd7 7. Bd3 c5 8. cxd5
exd5 9. h3 b6 10. O-O Bb7 11. Rc1 a6 12. a4 Re8 13. Bh2 Nf8 14. Ne5 Ng6 15. f4
Bd6 16. Qf3 Ne4 17. Nxe4 dxe4 18. Bxe4 Bxe4 19. Qxe4 cxd4 20. exd4 Bc7 21. Rfd1
f6 22. Qb7 Bd6 23. Nf7 Qe7 24. Nxd6 Qxd6 25. f5 Nf4 26. Rc7 Ne2+ 27. Kf2 Qf8
28. Bd6 Qxd6 29. Rxg7+ Kh8 30. Rxh7+ Kg8 31. Qf7# 1-0

[Event "NAYCC U12"]
[Site "Windsor CAN"]
[Date "2016.08.10"]
[Round "7.96"]
[White "Huang, Qiuyu"]
[Black "Zhong, Wenxuan"]
[Result "1/2-1/2"]
[WhiteElo "1972"]
[BlackElo "1758"]
[PlyCount "79"]
[EventDate "2016.08.07"]
[EventType "swiss"]
[EventRounds "9"]
[EventCountry "CAN"]

1. e4 d6 2. d4 Nf6 3. Nc3 g6 4. Bd3 Bg7 5. Nge2 Nc6 6. O-O O-O 7. h3 e5 8. d5
Ne7 9. f4 exf4 10. Bxf4 h6 11. Qd2 g5 12. Bh2 Ng6 13. Ng3 Re8 14. Rae1 Bd7 15.
Nf5 Bxf5 16. exf5 Ne5 17. Bxe5 dxe5 18. Be4 c6 19. Bf3 Qb6+ 20. Qe3 cxd5 21.
Bxd5 Qc7 22. Bb3 a6 23. Rd1 Rad8 24. Ne4 b5 25. Qc5 Qxc5+ 26. Nxc5 a5 27. a3 a4
28. Ba2 Rc8 29. Nd7 Rxc2 30. Rf2 Rxf2 31. Kxf2 e4 32. Ke3 Re7 33. Nc5 g4 34.
Bb1 h5 35. Rd8+ Kh7 36. Nxe4 Bh6+ 37. Kd4 Nxe4 38. Bxe4 f6 39. Rb8 Re5 40. Rb7+
1/2-1/2

[Event "NAYCC U12"]
[Site "Windsor CAN"]
[Date "2016.08.10"]
[Round "7.97"]
[White "Ouyang, Nathan"]
[Black "Balderas, Adolfo"]
[Result "0-1"]
[WhiteElo "1693"]
[BlackElo "1956"]
[PlyCount "54"]
[EventDate "2016.08.07"]
[EventType "swiss"]
[EventRounds "9"]
[EventCountry "CAN"]

1. e4 c5 2. Nf3 Nc6 3. d4 cxd4 4. Nxd4 Nf6 5. Nc3 d6 6. Be3 g6 7. Bc4 Bg7 8.
O-O O-O 9. Qd2 Na5 10. Be2 Ng4 11. Bxg4 Bxg4 12. h3 Bc8 13. f4 Nc4 14. Qe2 Nxe3
15. Qxe3 Qb6 16. Rad1 e5 17. Nd5 exd4 18. Qg3 Qc5 19. b4 Qxc2 20. f5 Qxe4 21.
Qxd6 Bxf5 22. Rde1 Qh4 23. Re7 Rfd8 24. Qc7 Rxd5 25. Rxf7 Qh6 26. Rf4 Rf8 27.
Rh4 Rxf7 0-1

[Event "NAYCC U12"]
[Site "Windsor CAN"]
[Date "2016.08.10"]
[Round "7.98"]
[White "Lin, Benjamin"]
[Black "Zheng, Victor"]
[Result "1/2-1/2"]
[WhiteElo "1716"]
[BlackElo "1852"]
[PlyCount "98"]
[EventDate "2016.08.07"]
[EventType "swiss"]
[EventRounds "9"]
[EventCountry "CAN"]

1. d4 Nf6 2. c4 g6 3. Nc3 Bg7 4. e4 d6 5. f3 O-O 6. Be3 c5 7. Nge2 Nc6 8. d5
Ne5 9. Nc1 e6 10. Be2 a6 11. f4 Neg4 12. Bxg4 Nxg4 13. Qxg4 exd5 14. Qf3 d4 15.
N1e2 dxe3 16. Qxe3 f5 17. O-O-O Rb8 18. e5 Re8 19. Qf3 Re6 20. Qd5 Bf8 21. Qxc5
Qe7 22. exd6 Rxd6 23. Rxd6 Qxd6 24. Qxd6 Bxd6 25. Rd1 Be7 26. Nd5 Kf7 27. Nec3
Be6 28. Kc2 Rc8 29. Nxe7 Kxe7 30. b3 b5 31. cxb5 axb5 32. Kb2 Rb8 33. Nd5+ Kf7
34. Nc7 Rb7 35. Nxe6 Kxe6 36. g3 Ra7 37. Rd2 h6 38. Re2+ Kf6 39. Re5 Rb7 40.
Rc5 g5 41. Rc6+ Kg7 42. fxg5 hxg5 43. Kc1 Ra7 44. Kb2 Rb7 45. Rd6 Kf7 46. Kc3
Ra7 47. Rd2 Ke6 48. Kb4 Rb7 49. Kc5 f4 1/2-1/2

[Event "NAYCC U12"]
[Site "Windsor CAN"]
[Date "2016.08.10"]
[Round "7.99"]
[White "Thirumalai, Atul"]
[Black "Tsay, Vincent"]
[Result "0-1"]
[WhiteElo "1543"]
[BlackElo "1789"]
[PlyCount "52"]
[EventDate "2016.08.07"]
[EventType "swiss"]
[EventRounds "9"]
[EventCountry "CAN"]

1. e4 e6 2. d4 d5 3. exd5 exd5 4. Nf3 Bd6 5. Be3 Ne7 6. Be2 O-O 7. O-O Re8 8.
Re1 h6 9. h3 Nd7 10. Qd2 Nf5 11. Bd3 Nf6 12. Bxf5 Bxf5 13. Qd1 Qd7 14. Nbd2 Re7
15. c3 Rae8 16. Qb3 c6 17. Nh4 Bxh3 18. gxh3 Qxh3 19. Nhf3 Ng4 20. Rec1 Rxe3
21. Nf1 Rxf3 22. Rc2 Bh2+ 23. Kh1 Bg3+ 24. Kg1 Bxf2+ 25. Rxf2 Rxf2 26. Ne3 Qh2#
0-1

[Event "NAYCC U12"]
[Site "Windsor CAN"]
[Date "2016.08.10"]
[Round "7.100"]
[White "Singh, Hersh"]
[Black "Nair, Siddhant"]
[Result "1-0"]
[WhiteElo "1506"]
[BlackElo "1825"]
[PlyCount "25"]
[EventDate "2016.08.07"]
[EventType "swiss"]
[EventRounds "9"]
[EventCountry "CAN"]

1. e4 c5 2. Nf3 d6 3. d4 cxd4 4. Nxd4 Nf6 5. Nc3 g6 6. Be3 Bg7 7. Qd2 Nc6 8.
Bc4 Bd7 9. O-O-O Rc8 10. Bb3 Na5 11. g4 Nxb3+ 12. Nxb3 Qa5 13. Nxa5 1-0

[Event "NAYCC U12"]
[Site "Windsor CAN"]
[Date "2016.08.10"]
[Round "7.101"]
[White "Doknjas, Neil"]
[Black "Huang, Andrew"]
[Result "1-0"]
[WhiteElo "1693"]
[BlackElo "1754"]
[PlyCount "59"]
[EventDate "2016.08.07"]
[EventType "swiss"]
[EventRounds "9"]
[EventCountry "CAN"]

1. e4 c5 2. Nf3 g6 3. d4 cxd4 4. Nxd4 Bg7 5. Nc3 Nc6 6. Be3 Nf6 7. Nxc6 bxc6 8.
e5 Ng8 9. Bd4 f6 10. f4 Qc7 11. Qe2 c5 12. Nd5 Qc6 13. exf6 Bxf6 14. Bxf6 Qxd5
15. Bxh8 Bb7 16. Bc3 e6 17. Qd3 Qc6 18. O-O-O O-O-O 19. Be2 a6 20. Ba5 Rf8 21.
Qd6 Qxd6 22. Rxd6 Bxg2 23. Bxa6+ Kb8 24. Rg1 Bc6 25. b4 Rxf4 26. b5 Bd5 27.
Rxd7 Ra4 28. b6 Bb7 29. Rd8+ Bc8 30. Rxc8# 1-0

[Event "NAYCC U12"]
[Site "Windsor CAN"]
[Date "2016.08.10"]
[Round "7.102"]
[White "Hawthorn, Henry"]
[Black "Grabinsky, Joshua"]
[Result "0-1"]
[WhiteElo "1486"]
[BlackElo "1704"]
[PlyCount "182"]
[EventDate "2016.08.07"]
[EventType "swiss"]
[EventRounds "9"]
[EventCountry "CAN"]

1. d4 Nf6 2. c4 e6 3. Nc3 Bb4 4. Qc2 d5 5. cxd5 Qxd5 6. Nf3 Qf5 7. Qxf5 exf5 8.
Bf4 Nd5 9. Bd2 Nxc3 10. Bxc3 Bxc3+ 11. bxc3 O-O 12. e3 Nd7 13. Bd3 Nf6 14. O-O
g6 15. Rac1 b6 16. Ne5 Bb7 17. Rfd1 Rfd8 18. Bc4 Nd5 19. Bb3 f6 20. Nd3 Kg7 21.
c4 Ne7 22. Nf4 Bc8 23. d5 g5 24. Ne2 a5 25. Ba4 Bd7 26. Bxd7 Rxd7 27. Nd4 Kg6
28. Ne6 b5 29. cxb5 Rxd5 30. Nxc7 Rxd1+ 31. Rxd1 Rc8 32. Ne6 Kf7 33. Nd4 Nd5
34. Nxf5 Rc5 35. Nd4 a4 36. Kf1 g4 37. Rb1 Nb6 38. Ke2 Ke7 39. Kd3 Rh5 40. Rh1
Kd6 41. h3 gxh3 42. Rxh3 Rg5 43. g3 h5 44. f4 Rc5 45. Rh1 Nd5 46. Rb1 Rc3+ 47.
Kd2 Rc7 48. Rb2 Nb6 49. Rc2 Rxc2+ 50. Kxc2 Kc5 51. Kd3 Nd5 52. a3 Nb6 53. e4
Nc4 54. Nc2 Nd6 55. b6 Kxb6 56. Kd4 Kc6 57. Nb4+ Kd7 58. Kd5 Nb5 59. Nc2 Nc3+
60. Kd4 Ne2+ 61. Ke3 Nxg3 62. Kf3 h4 63. Ne3 Kd6 64. Ng2 Nxe4 65. Nxh4 Nd2+ 66.
Ke3 Nc4+ 67. Kd3 Nxa3 68. Kc3 Kc5 69. Nf3 Nb5+ 70. Kb2 Kc4 71. Nd2+ Kd3 72. Nb1
Ke4 73. Nd2+ Kxf4 74. Nc4 Ke4 75. Nb6 a3+ 76. Kb3 f5 77. Nc4 f4 78. Ka2 f3 79.
Nd2+ Ke3 80. Nxf3 Kxf3 81. Kb1 Ke3 82. Kc2 Kd4 83. Kb3 Kd3 84. Ka2 Kc3 85. Ka1
Kb3 86. Kb1 Nd4 87. Ka1 Nc2+ 88. Kb1 a2+ 89. Kc1 a1=Q+ 90. Kd2 Qe1+ 91. Kd3
Qe3# 0-1

[Event "NAYCC U12"]
[Site "Windsor CAN"]
[Date "2016.08.10"]
[Round "7.103"]
[White "Li, Si"]
[Black "Yeung, Wesley"]
[Result "1-0"]
[WhiteElo "1366"]
[BlackElo "1515"]
[PlyCount "57"]
[EventDate "2016.08.07"]
[EventType "swiss"]
[EventRounds "9"]
[EventCountry "CAN"]

1. e4 c5 2. Nf3 d6 3. d4 cxd4 4. Nxd4 Nf6 5. Nc3 g6 6. Be3 Bg7 7. f3 O-O 8. Bc4
Nc6 9. Qd2 Bd7 10. Bb3 Rc8 11. O-O-O Nxd4 12. Bxd4 b5 13. h4 a5 14. h5 a4 15.
Bxf6 Bxf6 16. hxg6 e6 17. Kb1 Qe7 18. Rxh7 axb3 19. Rdh1 bxc2+ 20. Kxc2 Bg5 21.
gxf7+ Rxf7 22. Rh8+ Kg7 23. R8h7+ Kf6 24. R7h6+ Bxh6 25. Qxh6+ Ke5 26. Rh5+ Kd4
27. Qd2+ Kc4 28. Qd3+ Kb4 29. Rxb5+ 1-0

[Event "NAYCC U12"]
[Site "Windsor CAN"]
[Date "2016.08.10"]
[Round "7.104"]
[White "Bhanji, Areez"]
[Black "Li, Jack"]
[Result "0-1"]
[WhiteElo "1135"]
[BlackElo "1511"]
[PlyCount "140"]
[EventDate "2016.08.07"]
[EventType "swiss"]
[EventRounds "9"]
[EventCountry "CAN"]

1. e4 c5 2. Nc3 Nc6 3. f4 e6 4. Nf3 d6 5. Bb5 Bd7 6. Bxc6 Bxc6 7. d3 Be7 8. O-O
Nf6 9. Qe1 d5 10. e5 Nd7 11. Ne2 Qb6 12. Kh1 Rc8 13. h3 a6 14. Qg3 g6 15. Qe1
d4 16. Qf2 Qc7 17. Rg1 b5 18. g4 Qb7 19. Rf1 Nb6 20. b3 Nd5 21. Bd2 f6 22. Kh2
f5 23. gxf5 gxf5 24. Ng5 Bxg5 25. fxg5 Qf7 26. Nf4 Nxf4 27. Qxf4 Kd7 28. Qf2
Rcg8 29. Rg1 Qe7 30. Rae1 Rg6 31. Rg3 Rhg8 32. Reg1 Kc7 33. Qe1 Qd7 34. Qf2 Qd5
35. Qf1 b4 36. Bf4 a5 37. Bd2 a4 38. Bf4 Qd7 39. Bd2 Qf7 40. Qf2 Rf8 41. Rf1
Rg7 42. Bf4 axb3 43. axb3 Ra8 44. Rc1 Bd5 45. Bd2 Rgg8 46. Rgg1 Ra2 47. Bf4
Bxb3 48. Rg2 Bd5 49. Rgg1 b3 50. Rgd1 Rb8 51. Qf1 Rxc2+ 52. Rxc2 bxc2 53. Rc1
Rb2 54. Qf2 Bb3 55. Qf1 Qh5 56. Qe1 Kb6 57. Qf1 Qe8 58. Qe1 Qb5 59. Qf1 Bd5 60.
Bd2 Rb1 61. Bf4 Rxc1 62. Qxc1 Qxd3 63. Qd2 Qxd2+ 64. Bxd2 c4 65. Kg3 c3 66. Bc1
d3 67. Kf2 d2 68. Bxd2 cxd2 69. Ke2 d1=Q+ 70. Kf2 Qf3+ 0-1

[Event "NAYCC U12"]
[Site "Windsor CAN"]
[Date "2016.08.10"]
[Round "7.105"]
[White "Zhao, Jonathan"]
[Black "Wang, Kevin"]
[Result "1-0"]
[WhiteElo "1650"]
[BlackElo "1158"]
[PlyCount "111"]
[EventDate "2016.08.07"]
[EventType "swiss"]
[EventRounds "9"]
[EventCountry "CAN"]

1. d4 e6 2. Nf3 d5 3. e3 Nf6 4. Bd3 c5 5. b3 Nc6 6. Bb2 Qb6 7. a3 Qd8 8. Nbd2
g6 9. O-O cxd4 10. exd4 Bg7 11. Ne5 O-O 12. f4 Qb6 13. Ndf3 Nd7 14. Kh1 Ndxe5
15. fxe5 Bd7 16. Qe2 f6 17. Rad1 Rac8 18. exf6 Bxf6 19. Ne5 Qc7 20. Nxc6 Qxc6
21. a4 a6 22. Rf3 Bg7 23. Rg3 Rf6 24. Rf1 Rxf1+ 25. Qxf1 Rf8 26. Rf3 Rxf3 27.
Qxf3 Qb6 28. Qf4 Qb4 29. g3 b5 30. axb5 axb5 31. Kg2 Qf8 32. Qc7 Qe8 33. Qb6
Bf8 34. c4 bxc4 35. bxc4 Bc6 36. c5 Qd7 37. Qb8 Qb7 38. Qxb7 Bxb7 39. Bb5 Kf7
40. Bc3 Bxc5 41. dxc5 d4+ 42. c6 Bxc6+ 43. Bxc6 dxc3 44. Be4 Kf6 45. Kf3 h5 46.
Ke3 g5 47. Kd3 Ke5 48. Bg2 c2 49. Kxc2 h4 50. Kd3 hxg3 51. hxg3 Kf6 52. Ke4 e5
53. Bh3 Kf7 54. Kxe5 Kg6 55. g4 Kg7 56. Kf5 1-0

[Event "NAYCC U12"]
[Site "Windsor CAN"]
[Date "2016.08.10"]
[Round "7.106"]
[White "Jeyakumar, Bhavatharshan"]
[Black "Nath, Naveen"]
[Result "1-0"]
[WhiteElo "1390"]
[BlackElo "1481"]
[PlyCount "137"]
[EventDate "2016.08.07"]
[EventType "swiss"]
[EventRounds "9"]
[EventCountry "CAN"]

1. e4 e5 2. Nf3 Nc6 3. Bb5 a6 4. Ba4 Nf6 5. d3 b5 6. Bb3 Bc5 7. O-O O-O 8. c3
Re8 9. h3 h6 10. Re1 d6 11. d4 exd4 12. cxd4 Bb6 13. Bc2 Bb7 14. d5 Ne5 15.
Nxe5 dxe5 16. Nd2 c6 17. Nf3 cxd5 18. exd5 e4 19. Nd4 Qxd5 20. Be3 Ba5 21. Bb3
Qd8 22. Rf1 Rc8 23. Nf5 Qxd1 24. Rfxd1 Bc7 25. Rd2 Rcd8 26. Rxd8 Rxd8 27. Bd4
Kh7 28. Bxf7 Bc8 29. Bxf6 gxf6 30. Ne7 Be5 31. Bg6+ Kg7 32. Bxe4 Bxb2 33. Rb1
Ba3 34. Nd5 Bb7 35. Nxf6 Bxe4 36. Nxe4 Rd4 37. Rb3 Bc1 38. Nc5 Bf4 39. Ne6+ Kf6
40. Nxd4 Be5 41. Nxb5 axb5 42. Rxb5 Bc7 43. a4 Ke6 44. Rh5 Bf4 45. a5 Bc7 46.
Rxh6+ Kd7 47. a6 Bb8 48. Rh7+ Kc6 49. Rb7 Bc7 50. Rxc7+ Kxc7 51. a7 Kb7 52. h4
Kxa7 53. h5 Kb7 54. h6 Kc6 55. h7 Kd5 56. h8=Q Ke4 57. Qe8+ Kd4 58. g4 Kd5 59.
Qe3 Kc4 60. Qe5 Kd3 61. g5 Kc4 62. Qd6 Kb3 63. Qc5 Ka2 64. Qb5 Ka1 65. g6 Ka2
66. g7 Ka1 67. Kg2 Ka2 68. g8=Q+ Ka1 69. Qa8# 1-0

[Event "NAYCC U12"]
[Site "Windsor CAN"]
[Date "2016.08.10"]
[Round "7.107"]
[White "Laurrabaquio Ramirez, Bryan Rica"]
[Black "Omichi, Haruaki"]
[Result "0-1"]
[WhiteElo "1480"]
[BlackElo "1071"]
[PlyCount "68"]
[EventDate "2016.08.07"]
[EventType "swiss"]
[EventRounds "9"]
[EventCountry "CAN"]

1. e4 c5 2. f4 Nc6 3. Nf3 g6 4. Bc4 Bg7 5. Nc3 e6 6. d3 Nge7 7. Bd2 d5 8. Bb5
O-O 9. Bxc6 Nxc6 10. h4 d4 11. Ne2 e5 12. c3 f5 13. fxe5 fxe4 14. dxe4 Nxe5 15.
cxd4 Nxf3+ 16. gxf3 cxd4 17. Bg5 Qb6 18. Be7 Rxf3 19. Nxd4 Rf7 20. Bg5 Qxd4 21.
Qc2 Qxb2 22. Qxb2 Bxb2 23. Rd1 Bc3+ 24. Ke2 Bg4+ 25. Ke3 Bxd1 26. Rxd1 Raf8 27.
Kd3 Rd7+ 28. Ke2 Rxd1 29. Kxd1 Re8 30. Kc2 Bb4 31. Kd3 Kf7 32. Kd4 Rc8 33. e5
Be7 34. Be3 Bc5+ 0-1

[Event "NAYCC U12"]
[Site "Windsor CAN"]
[Date "2016.08.10"]
[Round "7.108"]
[White "Boyd, Alexander"]
[Black "Kobla, Akshay"]
[Result "0-1"]
[WhiteElo "1247"]
[BlackElo "1382"]
[PlyCount "74"]
[EventDate "2016.08.07"]
[EventType "swiss"]
[EventRounds "9"]
[EventCountry "CAN"]

1. e4 c5 2. Nf3 d6 3. d4 cxd4 4. Nxd4 Nf6 5. Nc3 g6 6. Be3 Bg7 7. f3 Nc6 8. Qd2
O-O 9. O-O-O Nxd4 10. Bxd4 Be6 11. Kb1 Qc7 12. Be3 Rfc8 13. g4 Qa5 14. a3 Rc7
15. h4 Rac8 16. Bd4 a6 17. Qe3 Nd7 18. Rd3 Bc4 19. Rd2 Bxd4 20. Qxd4 Bxf1 21.
h5 Bc4 22. hxg6 fxg6 23. Rxh7 Kxh7 24. Rh2+ Kg8 25. Qh8+ Kf7 26. Qh7+ Ke6 27.
Qxg6+ Nf6 28. f4 Rg8 29. f5+ Kd7 30. Qh6 Rxg4 31. Qe3 Bg8 32. Rd2 Rxc3 33. bxc3
Qxa3 34. Qb6 Ba2+ 35. Ka1 Bb3+ 36. Kb1 Qa2+ 37. Kc1 Qa1# 0-1

[Event "NAYCC U12"]
[Site "Windsor CAN"]
[Date "2016.08.10"]
[Round "7.109"]
[White "Cyrenne, Cole"]
[Black "Butchart, Kevin"]
[Result "0-1"]
[WhiteElo "922"]
[BlackElo "1083"]
[PlyCount "102"]
[EventDate "2016.08.07"]
[EventType "swiss"]
[EventRounds "9"]
[EventCountry "CAN"]

1. b3 e5 2. Bb2 d6 3. e3 Nc6 4. Nc3 Nf6 5. Bc4 Be7 6. Nge2 a6 7. O-O d5 8. Nxd5
Nxd5 9. d4 exd4 10. Nxd4 Nxd4 11. Qxd4 Bf6 12. Qe4+ Qe7 13. Qxd5 Bxb2 14. Rad1
c6 15. Qd3 Bf6 16. f4 Bg4 17. Rd2 b5 18. h3 Bd7 19. Rfd1 bxc4 20. Qxd7+ Qxd7
21. Rxd7 cxb3 22. cxb3 O-O 23. Rc7 Rfe8 24. Rdd7 Rxe3 25. Rxf7 Re2 26. a4 Re3
27. b4 Re4 28. g3 Rxb4 29. Kf2 Rxa4 30. Kf3 Rd4 31. g4 Rf8 32. Rfd7 Rxd7 33.
Rxd7 a5 34. h4 Bxh4 35. g5 Bxg5 36. Kg4 Bxf4 37. Ra7 Bd2 38. Ra6 c5 39. Rc6 Bb4
40. Rc7 a4 41. Rb7 a3 42. Ra7 c4 43. Rb7 a2 44. Rxb4 a1=R 45. Rxc4 h6 46. Kh5
Kh7 47. Rc7 Rg1 48. Kh4 Rf5 49. Rc3 Rfg5 50. Rh3 g6 51. Rh2 Rh5# 0-1

[Event "NAYCC U12"]
[Site "Windsor CAN"]
[Date "2016.08.10"]
[Round "7.110"]
[White "Asemota, Eghosa"]
[Black "Shi, David"]
[Result "0-1"]
[WhiteElo "803"]
[BlackElo "1309"]
[PlyCount "80"]
[EventDate "2016.08.07"]
[EventType "swiss"]
[EventRounds "9"]
[EventCountry "CAN"]

1. e4 c5 2. Nf3 d6 3. c4 Nc6 4. Nc3 Nf6 5. d3 Bg4 6. g3 e6 7. Bg2 Be7 8. O-O
O-O 9. Bf4 Nd4 10. Be3 Nc6 11. a3 Ne5 12. h3 Nxf3+ 13. Bxf3 Bxh3 14. Re1 e5 15.
Bg5 Be6 16. Nd5 Nxd5 17. Bxe7 Nxe7 18. b4 Nc6 19. Bg2 Qd7 20. f4 Bg4 21. Qd2
cxb4 22. axb4 Nd4 23. Qf2 f6 24. f5 b5 25. c5 dxc5 26. bxc5 b4 27. Rab1 a5 28.
Rec1 b3 29. c6 Qc7 30. Rb2 a4 31. Ra1 a3 32. Rbb1 b2 33. Ra2 Ne2+ 34. Kh1 Nc3
35. Raxb2 axb2 36. Rxb2 Ra1+ 37. Kh2 Qf7 38. Bh3 Bxh3 39. Kxh3 Qh5+ 40. Kg2
Qh1# 0-1